000 01834aamaa2200337 a 4500
001 32738
003 AR-BaBN
005 20260508183859.0
007 ta
008 051027m1911 ag ||||gr 001 0 spa
040 _aAR-BaBN
_eaacr
041 _aspa
100 1 _aLópez, Vicente Fidel,
_d1815-1903
245 1 0 _aHistoria de la República Argentina :
_bsu origen, su revolución y su desarrollo político hasta 1852 /
_cVicente F. López
260 _aBuenos Aires :
_bLibrería La Facultad,
_c1911.
300 _a10 v.
505 0 _av. 1: Paralelismo de la historia de España con la historia colonial del Río de la Plata.
505 0 _av.2: Paralelismo de la historia colonial con la historia europea.
505 0 _av.3: La revolución y la guerra de la independencia.
505 0 _av.4: Declive del movimiento político hacia el personalismo del Poder Ejecutivo.
505 0 _av.5: Antagonismo de las masas bárbaras del Uruguay y de sus caudillos, contra las tendencias orgánicas y cultas de la capital (1815-1820).
505 0 _av.6: Complemento de la Revolución de Mayo.
505 0 _av.7: Dedicación y sacrificio de los intereses argentinos a la libertad de las otras regiones sudamericanas : Chacabuco a Pichincha.
505 0 _av.8: Transformación del organismo y resurgimiento de la cultura liberal. Buenos Aires, y los cacicazgos provinciales.
505 0 _av.9: Armonía Convencional y divergencias intrínsecas en las provincias del estado.
505 0 _av.10: Paroxismo de la vida social, y descenso fatal del organismo político hacia la tiranía absoluta.
650 4 _aHISTORIA ARGENTINA
_919648
700 _aVera y Gonzalez, Emilio,
942 _2udc
_ak. 32738
_cBK
_h982
_kD
_mL 83 h
_pInv. 10826-10827-10828-10829-10830-10831-10832-10833-10834-10835
945 _aag 08/05/2026
999 _c32738
_d32738